[Event "Rotterdam Pathena op"]
[Site "Rotterdam"]
[Date "2015.05.06"]
[Round "5"]
[White "Koopman, Richard"]
[Black "Gortemaker, Lucas"]
[Result "1-0"]
[WhiteElo "1730"]
[BlackElo "1816"]
[PlyCount "59"]
[EventDate "2015.05.02"]
[EventType "swiss"]
[EventRounds "7"]
[EventCountry "NED"]
[SourceTitle "CBM 166 Extra"]
[Source "ChessBase"]
[SourceDate "2015.06.18"]
[SourceVersion "1"]
[SourceVersionDate "2015.06.18"]
[SourceQuality "1"]

1. e4 c6 2. d4 d5 3. exd5 cxd5 4. c4 Nf6 5. Nc3 Nc6 6. Bg5 dxc4 7. Bxc4 h6 8. Bh4 a6 9. Nf3 b5 10. Bb3 Bg4 11. d5 Ne5 12. 0-0 Qb6 13. Re1 Nfd7 14. Bg3 Qf6 15. Re3 h5 16. Ne4 Qh6 17. Neg5 Nxf3+ 18. Nxf3 h4 19. Bc7 Qf6 20. Qe2 h3 21. g3 Rh5 22. d6 e6 23. Re1 Nc5 24. Bd1 Rf5 25. Qc2 Bxf3 26. Bxf3 Rxf3 27. Qxc5 Bxd6 28. Qc6+ Kf8 29. Bxd6+ Kg8 30. Qxa8+ 1-0